Ford Models Sudden Death - Statistics

General Stats
  • This quiz has been taken 97 times
  • The average score is 11 of 15
Answers on the Grid
Answers color-coded by a green-red scale on the quiz's grid according to % correct below.
Mustang
Silverado
Altima
Fiesta
Ranger
Escalade
Edge
Flex
Wrangler
Dart
Challenger
Charger
Cherokee
Escape
Expedition
Explorer
Escort
Bronco
Accord
Dakota
Firebird
Camaro
Civic
Golf
Camry
Maverick
Transit
Focus
Taurus
Fusion
 
Answer Stats
Answer % Correct
Mustang
88%
Explorer
83%
Focus
82%
Fusion
82%
Bronco
80%
Fiesta
78%
Taurus
77%
Escort
75%
Ranger
75%
Expedition
74%
Edge
71%
Escape
71%
Transit
66%
Flex
62%
Maverick
60%
No matching quizzes found
Score Distribution
Percent of People with Each Score
Percentile by Number Answered
Your Score History
You have not taken this quiz